Statistics for World Capitals Containing the Letter I

Click here to take the quiz!

General Stats

  • This quiz has been taken 1,757 times
  • The average score is 84 of 95

Answer Stats

ContinentCapital% Correct
EuropeHelsinki
96%
North AmericaMexico City
96%
North AmericaWashington, DC
96%
South AmericaBrasilia
95%
EuropeRiga
95%
AfricaCairo
94%
AsiaIslamabad
94%
OceaniaWellington
94%
AfricaAlgiers
93%
North AmericaKingston
93%
North AmericaKingstown
93%
EuropeLisbon
93%
EuropeParis
93%
AsiaBeijing
92%
AsiaHanoi
92%
EuropeMadrid
92%
AfricaPretoria
92%
South AmericaSantiago
92%
EuropeVilnius
92%
EuropeBerlin
91%
EuropeBratislava
91%
South AmericaBuenos Aires
91%
EuropeDublin
91%
South AmericaLima
91%
EuropeMinsk
91%
AsiaNew Delhi
91%
North AmericaPort of Spain
91%
EuropePristina
91%
EuropeReykjavik
91%
EuropeTallinn
91%
EuropeVienna
91%
AfricaAddis Ababa
90%
South AmericaAsuncion
90%
AfricaKigali
90%
AsiaKuwait City
90%
AfricaPort Louis
90%
EuropeSan Marino
90%
EuropeSofia
90%
EuropeTirana
90%
EuropeVatican City
90%
AsiaBishkek
89%
EuropeChisinau
89%
AfricaKinshasa
89%
AsiaManila
89%
AfricaNairobi
89%
North AmericaPort-au-Prince
89%
South AmericaQuito
89%
AsiaSingapore
89%
AsiaTbilisi
89%
AfricaTripoli
89%
AfricaTunis
89%
AsiaBeirut
88%
AsiaDili
88%
AfricaDjibouti
88%
AfricaLibreville
88%
South AmericaParamaribo
88%
AsiaRiyadh
88%
North AmericaSanto Domingo
88%
AsiaAbu Dhabi
87%
OceaniaApia
87%
AfricaBrazzaville
87%
North AmericaCastries
87%
AfricaLilongwe
87%
South AmericaMontevideo
87%
AsiaNicosia
87%
AfricaVictoria
87%
AfricaAntananarivo
86%
OceaniaHoniara
86%
AfricaMogadishu
86%
AsiaVientiane
86%
AfricaWindhoek
86%
North AmericaBridgetown
85%
EuropeKiev
85%
North AmericaPanama City
85%
EuropePodgorica
85%
OceaniaPort-Vila
85%
North AmericaSaint George's
85%
North AmericaSaint John's
85%
AfricaBangui
84%
AfricaBissau
84%
AfricaPraia
84%
OceaniaFunafuti
83%
AfricaGitega
83%
North AmericaGuatemala City
83%
AfricaMonrovia
83%
AsiaTaipei
83%
AsiaBandar Seri Begawan
82%
AsiaThimphu
82%
OceaniaPalikir
81%
AfricaMoroni
79%
AsiaSri Jayawardenepura Kotte
79%
AfricaNiamey
78%
AfricaBloemfontein
72%
North AmericaTegucigalpa
71%
AsiaNaypyidaw
66%

Score Distribution

Percentile by Number Answered

Percent of People with Each Score

Your Score History

You have not taken this quiz